Colleges and Universities in the State of Wisconsin - Statistics

General Stats
  • This quiz has been taken 92 times
  • The average score is 20 of 33
Answer Stats
Location Institution % Correct
Green Bay University of Wisconsin–Green Bay
97%
Madison University of Wisconsin–Madison
97%
Milwaukee University of Wisconsin–Milwaukee
97%
Eau Claire University of Wisconsin–Eau Claire
93%
Oshkosh University of Wisconsin–Oshkosh
93%
La Crosse University of Wisconsin–La Crosse
91%
Platteville University of Wisconsin–Platteville
91%
Stevens Point University of Wisconsin–Stevens Point
91%
Superior University of Wisconsin–Superior
91%
Whitewater University of Wisconsin–Whitewater
91%
Ripon Ripon College
85%
River Falls University of Wisconsin–River Falls
84%
Beloit Beloit College
82%
Milwaukee Marquette University
81%
Menomonie University of Wisconsin–Stout
68%
De Pere St. Norbert College
66%
Appleton Lawrence University
62%
Kenosha University of Wisconsin–Parkside
56%
Madison Edgewood College
54%
Waukesha Carroll University
49%
Milwaukee Milwaukee School of Engineering
49%
Kenosha Carthage College
44%
Mequon Concordia University Wisconsin
41%
Plymouth Lakeland University
35%
La Crosse Viterbo University
35%
Milwaukee Wisconsin Lutheran College
32%
Ashland Northland College
28%
Fond du Lac Marian University
25%
Milwaukee Alverno College
22%
Milwaukee Mount Mary University
19%
Madison Herzing University–Madison
13%
Watertown Maranatha Baptist University
13%
Wauwatosa Bryant & Stratton College–Wauwatosa
10%
No matching quizzes found
Score Distribution
Percent of People with Each Score
Percentile by Number Answered
Your Score History
You have not taken this quiz